'TEN' from A-Z Quiz Stats

 Plays Quiz Updated May 13, 2019

Score 0/24 Timer 05:00
7 Plays Today
Hint Answer % Correct
Person who pours Manhattans and martinisbartender
97.3%
Part of an insect or a radioantenna
95.6%
School punishmentdetention
95.1%
Anyone allergic to this should avoid breadgluten
92.8%
Youngest gradekindergarten
89.9%
Wii or Switch manufacturerNintendo
88.5%
Scaredfrightened
85.3%
Like lavamolten
85.2%
Past riperotten
82%
Longest side of a right trianglehypotenuse
79.3%
Legal document protecting an inventor's propertypatent
79%
She wrote 'Pride and Prejudice'Jane Austen
78.2%
Hint Answer % Correct
One in charge of a school districtsuperintendent
77.3%
All-powerfulomnipotent
73.5%
Baptism ceremony for an infantchristening
70.1%
Kitchen implementutensil
67.2%
Toothpaste additive for shiny teethwhitener
64.9%
W, on the periodic tabletungsten
63.9%
Doubly landlocked European countryLiechtenstein
60.8%
Forbidden (in Berlin)verboten
52.9%
John Locke was a key figure in this philosophical movementEnlightenment
47.3%
Only occurring every now and thenintermittent
40.9%
500th anniversary eventquincentenary
29.1%
Band whose name means 'I have it' in SpanishYo La Tengo
19.1%

You're not logged in!

Compare scores with friends on all Sporcle quizzes.
OR
Log In

Show Comments

Extras

Top Quizzes Today


Score Distribution

Your Account Isn't Verified!

In order to create a playlist on Sporcle, you need to verify the email address you used during registration. Go to your Sporcle Settings to finish the process.

Report this User

Report this user for behavior that violates our Community Guidelines.

Details: